00615nam a2200109Ia 4500008004100000245005100041300022700092650001300319856008200332999001900414952007200433170517s9999 xx 000 0 und d aRichard Feynman: The Character of Physical Law aProbably this is one of the oldest films posted at TDF. The Character of Physical Law are a series of seven lectures by physicist Richard Feynman concerning the nature of the laws of physics. The talks were delivered by... xScience. uhttp://topdocumentaryfilms.com/richard-feynman-the-character-of-physical-law/ c334351d334351 001040aCLbCLd2017-05-17l0r2017-05-17 00:00:00w2017-05-17yDF